O mundo a seus olhos (Registo nº 37)

Detalhes MARC
000 -Etiqueta do registo
Cabeçalho 00823cam a2200301 4500
005 - Identificador da versão
Campo de controlo 20240813121753.0
010 ## - Número internacional normalizado dos livros (ISBN)
Número (ISBN) 9726115671
021 ## - Número do Depósito Legal
Número 143851/99
035 ## - Other System Control Numbers
System Control Number 0000040
System Control Number 0000040
System Control Number 0000040
System Control Number 0000040
100 ## - Dados gerais de processamento
Dados gerais de processamento 20000919d1999 am y0pory5003 ba
102 ## - Pais de publicação ou produção
País de publicação Portugal
101 0# - Língua de publicação
Língua do texto, banda sonora, etc. Português
106 ## - Campo de dados codificados: material textual
Dados codificados do material textual r
215 ## - Descrição física 
Indicação específica da natureza do documento e extensão da espécie 151 p.
Outras indicações físicas color., totalm. il.
Dimensões 31 cm
200 1# - Titulo e menção de responsabilidade
Título próprio O mundo a seus olhos
Primeira menção de responsabilidade Luís Vasconcelos... [et al.]
210 ## - Publicação, Distribuição, etc. 
Lugar da edição, distribuição, etc. Linda-a-Velha
Nome do editor, distribuidor, etc. Abril Controjornal Editora
Data da publicação, distribuição, etc. 1999
675 ## - Classificação Decimal Universal (CDU)
Notação 77 A/Z (=1.469)"19"
Edição BN
Língua da edição por
702 ## - Nome de autor-pessoa física (responsabilidade secundária)
Número de registo de entrada de autoridade 0000111
Palavra de ordem Monteiro
Outra parte do nome não tomada para palavra de ordem Cáceres
Datas 1948-
Código de função Autor da introdução / Prefaciador
701 ## - Nome de autor-pessoa física (co-responsabilidade principal)
Palavra de ordem Vasconcelos
Outra parte do nome não tomada para palavra de ordem Luis
Código de função Autor / Co-autor
700 ## - Nome de autor-pessoa física (responsabilidade principal)
Número de registo de entrada de autoridade 0000110
Palavra de ordem Vasconcelos
Outra parte do nome não tomada para palavra de ordem Luís
966 ## - Identificação da Biblioteca
Sigla NUMETECA
942 ## - Elementos de entrada adicionados (Koha)
Tipo de item no Koha Livro
Exemplares
Situação do levantamento Origin of item (home branch) (coded) Biblioteca de empréstimo Código de barras Cota Circulation type (not for loan) Tipo de documento Nota do exemplar Damaged status
  Biblioteca Escolar Eng. Nuno Mergulhão Biblioteca Escolar Eng. Nuno Mergulhão BENM772 77FOT VAS   Livro Sem mensagem